中国内地哪些民族拥有本民族自治县/旗?(扫雷) - Statistics

General Stats
  • This quiz has been taken 125 times
  • The average score is 15 of 41
Answers on the Grid
Answers color-coded by a green-red scale on the quiz's grid according to % correct below.
汉族
蒙古族
回族
藏族
维吾尔族
苗族
彝族
壮族
布依族
朝鲜族
满族
侗族
瑶族
白族
土家族
哈尼族
哈萨克族
傣族
黎族
傈僳族
佤族
畲族
高山族
拉祜族
水族
东乡族
纳西族
景颇族
柯尔克孜族
土族
达斡尔族
仫佬族
羌族
布朗族
撒拉族
毛南族
仡佬族
锡伯族
阿昌族
普米族
塔吉克族
怒族
乌孜别克族
俄罗斯族
鄂温克族
德昂族
保安族
裕固族
京族
塔塔尔族
独龙族
鄂伦春族
赫哲族
门巴族
珞巴族
基诺族
 
Answer Stats
Answer % Correct
蒙古族
93%
回族
93%
藏族
89%
苗族
63%
彝族
59%
满族
59%
壮族
54%
土家族
48%
朝鲜族
46%
侗族
46%
瑶族
46%
布依族
43%
哈萨克族
41%
佤族
41%
哈尼族
39%
傣族
39%
黎族
39%
畲族
39%
白族
35%
傈僳族
30%
东乡族
30%
纳西族
30%
鄂伦春族
26%
拉祜族
24%
土族
24%
塔吉克族
24%
鄂温克族
24%
达斡尔族
22%
羌族
22%
锡伯族
22%
水族
20%
仫佬族
20%
撒拉族
17%
仡佬族
15%
布朗族
13%
毛南族
13%
怒族
13%
保安族
13%
裕固族
13%
独龙族
13%
普米族
9%
No matching quizzes found
Score Distribution
Percent of People with Each Score
Percentile by Number Answered
Your Score History
You have not taken this quiz